000 00482nam a2200157Ia 4500
008 240729s9999 xx 000 0 und d
022 _a2363-6947
245 0 _aBonn Zoological Bulletin
260 _aGermany
260 _bZoologisches Forschungsmuseum Alexander Koenig - Leibnitz Institute for Animal Biodiversity (ZFMK), Bonn
650 _a Zoology
650 _aScience
856 _uhttps://doaj.org/toc/7708f62d96a1445e80bdb63c761ceaf2
942 _2ddc
942 _cDOAJEJ
999 _c65780
_d65780
945 _a1
_bMadushi Gamage
_c1
_dMadushi Gamage